Rady pre začínajúcich investorov

Obchodovanie na burze. Dodržiavanie základných pravidiel začínajúceho obchodníka. Správna investícia a vyšší výnos. Risk manažment. Neznalosť akciového trhu. Výber brokera (obchodníka s cennými papiermi).

Na minha lista:
Detalhes bibliográficos
Autor principal: Kristián, Boldizsár
Formato: Capítulo de Livro
Idioma:eslovaco
Assuntos:
Tags: Adicionar Tag
Sem tags, seja o primeiro a adicionar uma tag!

MARC

LEADER 00000naa$a2200000$$$4500
001 0064781
005 20231019084759.4
041 0 |a slo 
044 |a SK 
245 1 0 |a Rady pre začínajúcich investorov  |c Boldizsár Kristián 
520 |a Obchodovanie na burze. Dodržiavanie základných pravidiel začínajúceho obchodníka. Správna investícia a vyšší výnos. Risk manažment. Neznalosť akciového trhu. Výber brokera (obchodníka s cennými papiermi). 
610 2 0 |a investori 
610 2 0 |a papiere cenné 
610 2 0 |a výnosy 
610 2 0 |a akcie 
610 2 0 |a risk management 
100 1 |a Kristián, Boldizsár